El espia
Gorde:
| Egile nagusia: | |
|---|---|
| Formatua: | Liburua |
| Hizkuntza: | gaztelania |
| Argitaratua: |
León
Universidad Nacional Autónoma de Nicaragua
1975
|
| Saila: | Colección Documento, 4
|
| Gaiak: | |
| Etiketak: |
Etiketa erantsi
Etiketarik gabe, Izan zaitez lehena erregistro honi etiketa jartzen!
|
MARC
| LEADER | 00000nam a2200000 a 4500 | ||
|---|---|---|---|
| 001 | UCT2921 | ||
| 003 | CL-VaPUC | ||
| 008 | 961018e19750000NQ |||||||||||||||||spa|d | ||
| 082 | 0 | 4 | |a Ni862 |b MED |2 21 |
| 100 | |a Medina, Felix |e autor |9 371930 | ||
| 245 | 1 | 3 | |a El espia |
| 246 | 1 | 0 | |a Por amor |
| 246 | 1 | 3 | |a La redacción de un diario |
| 246 | 1 | 0 | |a 15 de Septiembre |
| 246 | 1 | 4 | |a Los dos emisarios |
| 300 | |a v | ||
| 942 | |c BK | ||
| 945 | |d 19961018 00:00:00 |a rleighto | ||
| 260 | |a León |b Universidad Nacional Autónoma de Nicaragua |c 1975 | ||
| 500 | |a v.2: Teatro | ||
| 650 | 7 | |a DRAMAS NICARAGUENSES |2 CL-VaPUC |9 371931 | |
| 583 | |a last modification |c 19961018 00:00:00 |k Rodrigo Vera | ||
| 490 | 0 | |a Colección Documento, 4 | |
| 999 | |c 252810 |d 252808 | ||
| 952 | |0 0 |1 0 |4 0 |6 NI_862_000000000000000_MED_1975 |7 0 |8 A |9 272912 |a BIBEDU |b BIBEDU |d 2019-11-19 |h v.2 |i 3242544 |o Ni862 MED 1975 |p 3242544 |r 2019-11-19 |w 2019-11-19 |y BK |k LIT | ||